000 00552nas a2200181 a 4500
001 000037113
003 DLC
005 20200930080141.0
008 120215c19559999dr Jr1pdd 0 0spa d
040 _aDO-SdBNP
_bspa
043 _anwdr
245 0 0 _aBoletin oficial del consejo administrativo del Distrito Nacional.
260 _aCiudad Trujillo, República Dominicana :
_bConsejo Administrativo,
_c1955.
300 _av. ;
_c23 cm.
310 _aVolumen XXVII, Abril-Junio de 1955
362 _aCuatrimestral
651 4 _aRepública Dominicana
_910483
999 _c36603
_d36603